| 000 | 01855nam0a22003251 4500 | ||
|---|---|---|---|
| 001 | rc\4387424 | ||
| 005 | 20220206224140.0 | ||
| 021 |
_aRU _b[61-83651] |
||
| 035 | _a(NLR Aleph) 008551520 | ||
| 090 |
_a8409340 _c8409340 |
||
| 100 | _a20130416d1961 |||y0rusy50 ca | ||
| 101 | 0 | _arus | |
| 102 | _aRU | ||
| 105 | _ay c ||||| | ||
| 200 | 1 |
_aВременные указания по применению двухпрядных стальных канатов заводского изготовления для армирования предварительно напряженных железобетонных конструкций _fНовосиб. совет нар. хозяйства. Центр. науч.-исслед. лаборатория по строительству и строит. материалам. Акад. строительства и архитектуры СССР. Науч.-исслед. ин-т бетона и железобетона "НИИЖБ" |
|
| 210 |
_aМосква _cГосстройиздат _d1961 |
||
| 215 |
_a12 с. _d20 |
||
| 300 | _aНа 3-й с. сост.: канд. техн. наук И.С. Галкин, инженеры Б.Д. Любарский, А.А. Прохоренко и др. | ||
| 606 |
_aЖелезобетонные конструкции _xАрмирование _2psbo |
||
| 606 |
_aКанаты стальные _2psbo |
||
| 702 | 1 |
_aЛюбарский _bБ. Д. _4220 |
|
| 702 | 1 |
_aПрохоренко _bА. А. _4220 |
|
| 702 | 1 |
_aГалкин _bИ. С. |
|
| 712 | 0 | 2 | _aЦентральная науч.-исслед. лаборатория по строительству и строит. материалам (Новосибирск) |
| 801 | 0 |
_aRU _bNLR _gpsbo |
|
| 801 | 1 |
_aRU _bELAR _2rusmarc |
|
| 852 |
_aNLR _jПт 80.5/38 |
||
| 942 | _cBOOK | ||
| 980 | _aNB | ||